[Event "Uni De Paula Santander op 3rd"]
[Site "Ocana"]
[Date "2017.09.30"]
[Round "5"]
[White "Sanchez, Alonso"]
[Black "Silva Torres, Jorge J"]
[Result "0-1"]
[WhiteElo "1600"]
[BlackElo "1881"]
[PlyCount "58"]
[EventDate "2017.09.29"]
[EventType "swiss"]
[EventRounds "7"]
[EventCountry "COL"]
[SourceTitle "CBM 181 Extra"]
[Source "ChessBase"]
[SourceDate "2017.12.12"]
[SourceVersion "1"]
[SourceVersionDate "2017.12.12"]
[SourceQuality "1"]

1. e4 c5 2. Nf3 d6 3. c4 Nf6 4. d3 e6 5. Be2 Be7 6. Nc3 0-0 7. 0-0 Nc6 8. Bg5 h6 9. Bh4 a6 10. a3 Rb8 11. h3 b5 12. cxb5 axb5 13. Bg3 b4 14. axb4 Rxb4 15. b3 Qb6 16. Ra3 Nd4 17. Nxd4 cxd4 18. Na2 Rb5 19. Nc1 Bb7 20. Kh1 Rc8 21. Bf3 d5 22. Ra4 dxe4 23. dxe4 Bxe4 24. Bxe4 Nxe4 25. Rxd4 Rxc1 26. Rd8+ Qxd8 27. Qxc1 Nxg3+ 28. fxg3 Qb8 29. Rf3 Bd6 0-1